[Event "Rottach Egern Seniors Cup 13th"]
[Site "Rottach Egern"]
[Date "2025.04.01"]
[Round "4"]
[White "Schattmann, Alfred"]
[Black "Schmahl, Stephan"]
[Result "0-1"]
[WhiteElo "1811"]
[BlackElo "1955"]
[PlyCount "72"]
[EventDate "2025.03.29"]
[EventType "swiss"]
[EventRounds "9"]
[EventCountry "GER"]
[SourceTitle "CB16_2025"]
[SourceDate "2025.04.16"]
[SourceVersion "1"]
[SourceVersionDate "2025.04.16"]
[SourceQuality "1"]

1. c4 f5 2. d4 Nf6 3. Nf3 g6 4. g3 Bg7 5. Bg2 0-0 6. 0-0 d6 7. Nc3 c6 8. Bd2 Ne4 9. Qc1 Nxd2 10. Qxd2 e5 11. e3 Na6 12. Rfd1 Qe7 13. dxe5 dxe5 14. Qd6 Qxd6 15. Rxd6 Re8 16. Rad1 e4 17. Ne1 Be6 18. Bf1 Be5 19. R6d2 Nc5 20. Nb1 a5 21. b3 Kf8 22. Nc2 Ke7 23. Nd4 Bf7 24. a3 Red8 25. b4 axb4 26. axb4 Ne6 27. c5 Ra1 28. Kg2 Nxd4 29. exd4 Bf6 30. b5 Bd5 31. Rb2 g5 32. bxc6 Bxc6 33. Bb5 Rxd4 34. Bxc6 Rxd1 35. Rxb7+ Kf8 36. Rb8+ Kg7 0-1

[Event "Rottach Egern Seniors Cup 12th"]
[Site "Rottach Egern"]
[Date "2024.04.10"]
[Round "5"]
[White "Schattmann, Alfred"]
[Black "Simmon, Norbert"]
[Result "1-0"]
[WhiteElo "1813"]
[BlackElo "1702"]
[PlyCount "70"]
[EventDate "2024.04.06"]
[EventType "swiss"]
[EventRounds "9"]
[EventCountry "GER"]
[SourceTitle "CBM 219 Extra"]
[Source "ChessBase"]
[SourceDate "2024.05.31"]
[SourceVersion "1"]
[SourceVersionDate "2024.05.31"]
[SourceQuality "1"]

1. d4 d5 2. Nf3 Nf6 3. e3 e6 4. c4 c6 5. Nc3 a6 6. a3 dxc4 7. Bxc4 Be7 8. 0-0 0-0 9. Be2 c5 10. dxc5 Bxc5 11. b4 Be7 12. Qb3 b5 13. Bb2 Bb7 14. Rfd1 Qb6 15. Rac1 Nc6 16. h3 Rfd8 17. Qc2 Rac8 18. Qb1 h6 19. Rxd8+ Rxd8 20. Rd1 e5 21. Rxd8+ Qxd8 22. Qc2 e4 23. Nxe4 Nxe4 24. Qxe4 Bf6 25. Bxf6 Qxf6 26. Qe8+ Kh7 27. Qd7 Nd8 28. Nd4 Be4 29. Qe8 Ne6 30. f3 Bg6 31. Qd7 Qe5 32. Kf2 Nc7 33. Nc6 Qb2 34. Qxc7 Bd3 35. Nd4 Qxa3 1-0

[Event "Rottach Egern Seniors Cup 11th"]
[Site "Rottach Egern"]
[Date "2023.04.17"]
[Round "3"]
[White "Schattmann, Alfred"]
[Black "Baumann, Bettina"]
[Result "1/2-1/2"]
[WhiteElo "1746"]
[BlackElo "1539"]
[PlyCount "98"]
[EventDate "2023.04.15"]
[EventType "swiss"]
[EventRounds "9"]
[EventCountry "GER"]
[SourceTitle "EXT 2024"]
[Source "ChessBase"]
[SourceDate "2023.10.10"]
[SourceVersion "1"]
[SourceVersionDate "2023.10.10"]
[SourceQuality "1"]

1. c4 Nc6 2. Nc3 Nf6 3. g3 d6 4. Bg2 e5 5. d3 Be7 6. Nf3 0-0 7. 0-0 Rb8 8. a3 Bd7 9. b4 a6 10. Bb2 h6 11. Rc1 Nh7 12. Nd5 Ng5 13. Nxe7+ Qxe7 14. Nxg5 Qxg5 15. c5 Qd8 16. Qd2 Ne7 17. Qc2 Be6 18. Rfd1 Nf5 19. e3 c6 20. cxd6 Qxd6 21. Qc5 f6 22. Qc2 Qd7 23. d4 exd4 24. e4 Nd6 25. Bxd4 Qc7 26. Bb6 Qxb6 27. Rxd6 Bf7 28. Rcd1 Rfd8 29. Qc5 Qc7 30. Bh3 Rxd6 31. Qxd6 Qxd6 32. Rxd6 Kf8 33. f4 Ke7 34. Rd7+ Kf8 35. Kf2 Be8 36. Rd2 Ke7 37. Ke3 b6 38. Bf1 a5 39. bxa5 bxa5 40. Bc4 Bd7 41. Kd4 Rb1 42. Kc5 Rc1 43. f5 Be8 44. Kd4 g6 45. fxg6 Bxg6 46. a4 Re1 47. Re2 Ra1 48. Ra2 Re1 49. Re2 Ra1 1/2-1/2

[Event "Rottach Egern Seniors Cup 10th"]
[Site "Rottach Egern"]
[Date "2022.04.02"]
[Round "8"]
[White "Wichmann, Bernd"]
[Black "Schattmann, Alfred"]
[Result "1-0"]
[WhiteElo "1695"]
[BlackElo "1752"]
[PlyCount "107"]
[EventDate "2022.03.26"]
[EventType "swiss"]
[EventRounds "9"]
[EventCountry "GER"]
[SourceTitle "CBM 207 Extra"]
[Source "ChessBase"]
[SourceDate "2022.05.31"]
[SourceVersion "1"]
[SourceVersionDate "2022.05.31"]
[SourceQuality "1"]

1. d4 d5 2. Nf3 g6 3. c3 Bg7 4. Bf4 Nf6 5. h3 c6 6. Nbd2 Nbd7 7. e3 Nb6 8. Bd3 Bd7 9. 0-0 0-0 10. e4 dxe4 11. Nxe4 Nxe4 12. Bxe4 Nd5 13. Bh2 Nf6 14. Bc2 Rc8 15. Qe2 b5 16. Bd3 a6 17. a4 h6 18. axb5 axb5 19. Ra7 e6 20. Rfa1 Be8 21. Ne5 Kh7 22. g4 Kg8 23. h4 Nd5 24. Nf3 Bf6 25. h5 Nc7 26. Ne5 Bxe5 27. Bxe5 f6 28. Bxc7 Rxc7 29. Rxc7 Qxc7 30. Qxe6+ Kg7 31. hxg6 Bxg6 32. Bxg6 Kxg6 33. Qf5+ Kg7 34. Kg2 Rd8 35. Rh1 Rd5 36. Qf3 Rg5 37. Qh3 h5 38. f3 Qf4 39. Qg3 Qd2+ 40. Qf2 Qxf2+ 41. Kxf2 hxg4 42. fxg4 Rxg4 43. Rg1 Rxg1 44. Kxg1 Kf7 45. b3 Ke6 46. Kf2 Kd5 47. Ke3 f5 48. Kd3 f4 49. c4+ Kd6 50. Ke4 c5 51. d5 f3 52. Kxf3 Ke5 53. Kg4 b4 54. Kg5 1-0

[Event "Rottach Egern Seniors Cup 10th"]
[Site "Rottach Egern"]
[Date "2022.04.01"]
[Round "7"]
[White "Schattmann, Alfred"]
[Black "Kalkmann, Hans"]
[Result "0-1"]
[WhiteElo "1752"]
[BlackElo "1843"]
[PlyCount "118"]
[EventDate "2022.03.26"]
[EventType "swiss"]
[EventRounds "9"]
[EventCountry "GER"]
[SourceTitle "CBM 207 Extra"]
[Source "ChessBase"]
[SourceDate "2022.05.31"]
[SourceVersion "1"]
[SourceVersionDate "2022.05.31"]
[SourceQuality "1"]

1. c4 e6 2. Nc3 f5 3. d3 Nf6 4. g3 Bb4 5. Bd2 0-0 6. Bg2 d6 7. Nf3 Nc6 8. 0-0 Qe7 9. a3 Bxc3 10. Bxc3 Rb8 11. b4 b6 12. b5 Nd8 13. a4 c5 14. a5 Bb7 15. axb6 axb6 16. Ra7 Nf7 17. Qd2 d5 18. cxd5 Nxd5 19. Bb2 Qd6 20. e4 Nc7 21. exf5 Nxb5 22. Rxb7 Rxb7 23. fxe6 Qxe6 24. Re1 Qd7 25. Ne5 Nxe5 26. Rxe5 Rbb8 27. Bd5+ Kh8 28. Qg5 Rbe8 29. Rxe8 Rxe8 30. Be4 Nd6 31. Bd5 Qe7 32. Qg4 Rf8 33. Kg2 Ne8 34. Qe6 Qxe6 35. Bxe6 Nc7 36. Bg4 Re8 37. h4 Kg8 38. h5 Kf7 39. Bc1 Rd8 40. Be2 Ne6 41. f4 Nd4 42. Bf1 Ra8 43. Be3 Ra2+ 44. Kh3 b5 45. Bg2 Ra3 46. Be4 b4 47. Bc1 Rc3 48. Bb2 Rc2 49. Ba1 Ke6 50. Kg4 b3 51. Bxd4 cxd4 52. Bxh7 b2 53. Bg8+ Kf6 54. Ba2 Rc1 55. Kf3 b1Q 56. Bxb1 Rxb1 57. g4 Re1 58. g5+ Kf5 59. h6 gxh6 0-1

[Event "Rottach Egern Seniors Cup 10th"]
[Site "Rottach Egern"]
[Date "2022.03.28"]
[Round "3"]
[White "Schattmann, Alfred"]
[Black "Schicker, Rudolf"]
[Result "1/2-1/2"]
[WhiteElo "1752"]
[BlackElo "1822"]
[PlyCount "112"]
[EventDate "2022.03.26"]
[EventType "swiss"]
[EventRounds "9"]
[EventCountry "GER"]
[SourceTitle "CBM 207 Extra"]
[Source "ChessBase"]
[SourceDate "2022.05.31"]
[SourceVersion "1"]
[SourceVersionDate "2022.05.31"]
[SourceQuality "1"]

1. c4 Nf6 2. Nc3 c5 3. g3 g6 4. Bg2 Bg7 5. Nf3 0-0 6. 0-0 Nc6 7. d3 a6 8. Bd2 Rb8 9. a4 d6 10. Qc1 Nd4 11. Nxd4 cxd4 12. Nd1 Re8 13. e4 dxe3 14. Nxe3 Be6 15. Bc3 Qd7 16. Re1 Rec8 17. Qd2 b5 18. axb5 axb5 19. b3 bxc4 20. bxc4 Bh3 21. Bh1 e5 22. Rab1 Bh6 23. Rxb8 Rxb8 24. Qa2 Be6 25. Rb1 Rxb1+ 26. Qxb1 Qa7 27. Bd2 Ng4 28. Nxg4 Bxd2 29. Nf6+ Kg7 30. Ne4 Ba5 31. Nxd6 Bb6 32. Qf1 Qa3 33. Ne4 Bf5 34. Bg2 Bd4 35. h3 Bxe4 36. Bxe4 f5 37. Bg2 Qb2 38. Bf3 Qa1 39. Qxa1 Bxa1 40. Kf1 Bd4 41. Bd5 Kf6 42. f3 h5 43. Ke2 g5 44. g4 fxg4 45. fxg4 hxg4 46. hxg4 Ke7 47. Kf3 Kd6 48. Ke4 Bf2 49. Kf5 Be3 50. Be4 Bf4 51. Kf6 Kc5 52. Ke6 Bg3 53. Kd7 Bf4 54. Kc7 Be3 55. Kb7 Bd4 56. Ka6 Bf2 1/2-1/2

[Event "Rottach Egern Seniors Cup 10th"]
[Site "Rottach Egern"]
[Date "2022.03.27"]
[Round "2"]
[White "Remensberger, Hansuli"]
[Black "Schattmann, Alfred"]
[Result "1-0"]
[WhiteElo "2065"]
[BlackElo "1752"]
[PlyCount "73"]
[EventDate "2022.03.26"]
[EventType "swiss"]
[EventRounds "9"]
[EventCountry "GER"]
[SourceTitle "CBM 207 Extra"]
[Source "ChessBase"]
[SourceDate "2022.05.31"]
[SourceVersion "1"]
[SourceVersionDate "2022.05.31"]
[SourceQuality "1"]

1. c4 e5 2. g3 g6 3. Bg2 Bg7 4. Nc3 d6 5. e4 Nc6 6. d3 Nd4 7. h3 c6 8. Nge2 Be6 9. 0-0 Qd7 10. Kh2 Ne7 11. Nxd4 exd4 12. Ne2 f5 13. Nf4 Bf7 14. exf5 gxf5 15. Nh5 Bxh5 16. Qxh5+ Kf8 17. Bh6 Ng6 18. f4 Re8 19. Rfe1 Kf7 20. h4 Re3 21. Bxg7 Kxg7 22. Rxe3 dxe3 23. Re1 Re8 24. Bh3 Qe6 25. Qxf5 Qxf5 26. Bxf5 d5 27. cxd5 cxd5 28. d4 Kf6 29. Bd3 Re7 30. Kg2 Nf8 31. f5 h6 32. Kf3 Rc7 33. g4 Re7 34. Rxe3 Rxe3+ 35. Kxe3 Nh7 36. Kf4 b6 37. Be2 1-0

[Event "Rottach Egern Seniors Cup 9th"]
[Site "Rottach Egern"]
[Date "2021.10.22"]
[Round "1"]
[White "Schattmann, Alfred"]
[Black "Jahn, Constanze"]
[Result "0-1"]
[WhiteElo "1734"]
[BlackElo "2044"]
[PlyCount "62"]
[EventDate "2021.10.22"]
[EventType "swiss"]
[EventRounds "7"]
[EventCountry "GER"]
[SourceTitle "CBM 204 Extra"]
[Source "ChessBase"]
[SourceDate "2021.11.30"]
[SourceVersion "1"]
[SourceVersionDate "2021.11.30"]
[SourceQuality "1"]

1. e4 c5 2. Nc3 Nc6 3. Nf3 e6 4. d3 a6 5. Be2 Qc7 6. 0-0 Bd6 7. h3 Nge7 8. Re1 0-0 9. Bf1 b5 10. a3 Bb7 11. Be3 f5 12. exf5 Nxf5 13. Ne4 Nxe3 14. Rxe3 Bf4 15. Re1 Nd4 16. Nxd4 cxd4 17. c3 dxc3 18. Nxc3 Bh2+ 19. Kh1 Rxf2 20. Ne4 Bxe4 21. dxe4 Be5 22. Rc1 Qd8 23. Re2 Rxe2 24. Bxe2 Bxb2 25. Rc2 Bxa3 26. Rd2 Rc8 27. Rxd7 Qf6 28. Qd3 Bb2 29. Bf1 Be5 30. Kg1 Rf8 31. Qe2 Bd4+ 0-1

[Event "Bad Wiessee Senioren Cup 8th"]
[Site "Bad Wiessee"]
[Date "2019.05.12"]
[Round "2"]
[White "Koch, Dieter"]
[Black "Schattmann, Alfred"]
[Result "1-0"]
[WhiteElo "1697"]
[BlackElo "1827"]
[PlyCount "85"]
[EventDate "2019.05.11"]
[EventType "swiss"]
[EventRounds "9"]
[EventCountry "GER"]
[SourceTitle "EXT 2020"]
[Source "ChessBase"]
[SourceDate "2019.10.17"]
[SourceVersion "1"]
[SourceVersionDate "2019.10.17"]
[SourceQuality "1"]

1. d4 d5 2. e3 Nf6 3. Bd3 g6 4. Nd2 Bg7 5. f4 0-0 6. Ngf3 Nc6 7. c3 a6 8. 0-0 b5 9. Qe1 Rb8 10. Ng5 e6 11. Rf3 h6 12. Nh3 Ne7 13. Nf2 Nf5 14. g3 Bb7 15. g4 Nd6 16. b3 Nde4 17. Ba3 Nxd2 18. Qxd2 Re8 19. Qc2 Qd7 20. Rf1 Nh7 21. h4 f5 22. h5 Nf6 23. hxg6 fxg4 24. Rg3 h5 25. Bc5 Qc6 26. Nd1 Rbd8 27. Qg2 Qd7 28. Nf2 Bf8 29. b4 Bxc5 30. bxc5 Qg7 31. Bc2 Bc6 32. Nd3 Ne4 33. Ne5 Nxg3 34. Qxg3 Bb7 35. Qh4 Re7 36. Qxh5 g3 37. Kg2 Rf8 38. Rf3 Bc8 39. Rxg3 Rf5 40. Bxf5 exf5 41. Qg5 Be6 42. Rh3 Qf8 43. Rh6 1-0

[Event "Bayern-chI Bank Hofmann 5th"]
[Site "Bad Wiessee"]
[Date "2001.10.27"]
[Round "1"]
[White "Gershon, Alik"]
[Black "Schattmann, Alfred"]
[Result "1-0"]
[WhiteElo "2556"]
[BlackElo "2060"]
[PlyCount "81"]
[EventDate "2001.10.27"]
[EventType "swiss"]
[EventRounds "9"]
[EventCountry "GER"]
[SourceTitle "EXT 2003"]
[Source "ChessBase"]
[SourceDate "2002.11.25"]
[SourceVersion "1"]
[SourceVersionDate "2002.11.25"]
[SourceQuality "1"]

1. d4 d5 2. c4 c6 3. Nf3 Nf6 4. Nc3 e6 5. Bg5 Bb4 6. Qc2 Qa5 7. Bxf6 Bxc3+ 8. bxc3 gxf6 9. e3 Rg8 10. Nd2 f5 11. h3 Qd8 12. g4 fxg4 13. Qxh7 Qg5 14. hxg4 Qxg4 15. Be2 Qg6 16. Qxg6 Rxg6 17. Rh8+ Kd7 18. Rh7 Ke7 19. Bh5 Rf6 20. Nf3 Bd7 21. Ne5 Be8 22. Rb1 b6 23. f4 dxc4 24. Bf3 b5 25. Be4 a6 26. Kd2 Ra7 27. Ng4 Rc7 28. Nxf6 Kxf6 29. Rg1 Nd7 30. f5 exf5 31. Rh6+ Ke7 32. Bxf5 Nf6 33. e4 Bd7 34. Bxd7 Nxd7 35. e5 Nf8 36. Rf1 Ne6 37. Rh7 Ke8 38. Rf6 Re7 39. Rh8+ Kd7 40. Ra8 Nc7 41. Rd6# 1-0